[Event "Torneo Reyes Ciudad de Manises 2014"]
[Site "Manises ESP"]
[Date "2014.01.03"]
[Round "5.18"]
[White "Candel Ribarrocha, Rafael"]
[Black "Hernandez Torralba, Sergio"]
[Result "0-1"]
[WhiteElo "1125"]
[BlackElo "1771"]
[PlyCount "82"]
[EventDate "2014.01.02"]
[EventRounds "7"]
[EventCountry "ESP"]
[Source "lmi"]
[SourceDate "2014.01.02"]

1. e4 c5 2. Nf3 d6 3. d4 cxd4 4. Nxd4 Nf6 5. Nc3 g6 6. g3 Nc6 7. Nxc6 bxc6 8.
Bg2 Qc7 9. O-O Bg7 10. Bf4 O-O 11. Re1 Nd7 12. Qd2 Ne5 13. b3 Qa5 14. Rad1 Nf3+
15. Bxf3 Bxc3 16. Qe2 Ba6 17. Qe3 Bxe1 18. Rxe1 Bb7 19. a4 Rfe8 20. c3 Qb6 21.
b4 Qxe3 22. Rxe3 a5 23. e5 dxe5 24. Bxe5 axb4 25. cxb4 Rxa4 26. b5 Rc4 27. Rb3
Rc8 28. Kg2 f6 29. Bf4 Rc2 30. Be4 Rc4 31. Kf3 e5 32. Be3 f5 33. Bd3 e4+ 34.
Ke2 exd3+ 35. Kxd3 Re4 36. b6 Rd8+ 37. Kc3 Ra4 38. Bc5 Rd5 39. Be3 Rb5 40. Bd4
Rxb3+ 41. Kxb3 Rxd4 0-1

[Event "Torneo Reyes Ciudad de Manises 2014"]
[Site "Manises ESP"]
[Date "2014.01.04"]
[Round "6.1"]
[White "Capella Gimenez, Jose M"]
[Black "Gimenez Menchon, Cesar"]
[Result "0-1"]
[WhiteElo "2099"]
[BlackElo "2032"]
[PlyCount "76"]
[EventDate "2014.01.02"]
[EventRounds "7"]
[EventCountry "ESP"]
[Source "lmi"]
[SourceDate "2014.01.02"]

1. d4 Nf6 2. c4 e6 3. Nc3 Bb4 4. a3 Bxc3+ 5. bxc3 c5 6. f3 d6 7. e4 e5 8. d5
Qe7 9. Bd3 Nh5 10. Ne2 f5 11. exf5 O-O 12. O-O Qh4 13. g4 Nf6 14. Qe1 Qxe1 15.
Rxe1 h5 16. h3 hxg4 17. hxg4 Nbd7 18. Ng3 Rb8 19. a4 a6 20. Rb1 b5 21. axb5
axb5 22. g5 bxc4 23. Rxb8 Nxb8 24. gxf6 cxd3 25. fxg7 Kxg7 26. Ne4 Bxf5 27.
Nxd6 Nd7 28. Re3 Bg6 29. Ne4 Bxe4 30. fxe4 c4 31. Rg3+ Kf7 32. Kf2 Ke8+ 33. Rf3
Rxf3+ 34. Kxf3 Nc5 35. Ke3 Kf7 36. Ba3 Nxe4 37. Bb4 Nf6 38. d6 Nd5+ 0-1

[Event "Torneo Reyes Ciudad de Manises 2014"]
[Site "Manises ESP"]
[Date "2014.01.04"]
[Round "6.2"]
[White "Nieves Cabanes, Jose Manuel"]
[Black "Uran Bermudez, Oliver Kevin"]
[Result "1/2-1/2"]
[WhiteElo "2070"]
[BlackElo "2103"]
[PlyCount "53"]
[EventDate "2014.01.02"]
[EventRounds "7"]
[EventCountry "ESP"]
[Source "lmi"]
[SourceDate "2014.01.02"]

1. d4 d5 2. c4 c6 3. Nc3 Nf6 4. Nf3 e6 5. cxd5 exd5 6. Qc2 g6 7. Bg5 Bg7 8. e3
Bf5 9. Qb3 Qb6 10. Qxb6 axb6 11. Nh4 Be6 12. Bd3 Nbd7 13. Nf3 b5 14. Bxf6 Bxf6
15. O-O O-O 16. a3 Be7 17. Na2 Ra7 18. Rab1 Nb6 19. h3 Nc4 20. Rfd1 g5 21. Nh2
Kg7 22. Kf1 Bd6 23. Nf3 g4 24. hxg4 Bxg4 25. Ke2 f5 26. Rh1 f4 27. Rxh7+
1/2-1/2

[Event "Torneo Reyes Ciudad de Manises 2014"]
[Site "Manises ESP"]
[Date "2014.01.04"]
[Round "6.3"]
[White "Gimeno Higueras, Roberto"]
[Black "Molina Ballester, Sergio"]
[Result "1-0"]
[WhiteElo "2198"]
[BlackElo "2001"]
[PlyCount "85"]
[EventDate "2014.01.02"]
[EventRounds "7"]
[EventCountry "ESP"]
[Source "lmi"]
[SourceDate "2014.01.02"]

1. b4 d5 2. Bb2 Nd7 3. Nf3 Ngf6 4. e3 g6 5. c4 c6 6. cxd5 cxd5 7. Nc3 Nb6 8.
Rc1 Bd7 9. a4 a5 10. Nb5 Nc4 11. Bxc4 dxc4 12. Rxc4 Bxb5 13. axb5 Bg7 14. bxa5
Rxa5 15. O-O O-O 16. Bxf6 Bxf6 17. Qb3 Qd5 18. Rb1 Kg7 19. h3 Rd8 20. Qb4 Ra2
21. e4 Qd6 22. d4 Qxb4 23. Rbxb4 e6 24. Rc7 Rb8 25. Ne5 Bxe5 26. dxe5 Rd2 27.
Rb3 Rd1+ 28. Kh2 Rd4 29. Rf3 Rf8 30. Rxb7 Rxe4 31. Rb3 Rxe5 32. b6 Rd5 33. Rc7
Rb8 34. b7 Rdd8 35. Rbc3 Rf8 36. Kg3 h6 37. Kf4 Rg8 38. Ke5 Rgd8 39. Rf3 Rf8
40. Kd6 Rfd8+ 41. Kc6 Rf8 42. Kb6 g5 43. Rc8 1-0

[Event "Torneo Reyes Ciudad de Manises 2014"]
[Site "Manises ESP"]
[Date "2014.01.04"]
[Round "6.4"]
[White "Ballester Sanz, Joaquin"]
[Black "Cebrian Flores, Juan Antonio"]
[Result "1-0"]
[WhiteElo "2170"]
[BlackElo "1992"]
[PlyCount "79"]
[EventDate "2014.01.02"]
[EventRounds "7"]
[EventCountry "ESP"]
[Source "lmi"]
[SourceDate "2014.01.02"]

1. e4 c5 2. Nf3 d6 3. d4 cxd4 4. Nxd4 Nf6 5. Nc3 g6 6. Be3 Bg7 7. f3 Nc6 8. Qd2
O-O 9. g4 Be6 10. Nxe6 fxe6 11. O-O-O Qc8 12. h4 Ne5 13. Rh3 b5 14. h5 b4 15.
Na4 Qc6 16. b3 Rfc8 17. hxg6 hxg6 18. Be2 Rc7 19. Kb1 d5 20. g5 Ne8 21. exd5
exd5 22. Qxd5+ Qxd5 23. Rxd5 e6 24. Rd2 Rd7 25. f4 Rxd2 26. Bxd2 Nc6 27. Rd3
Nd4 28. Bg4 a5 29. c3 Nb5 30. Bxe6+ Kf8 31. cxb4 Nc3+ 32. Kc1 Nc7 33. Bh3 N3b5
34. bxa5 Re8 35. Nc5 Ba1 36. Ne6+ Kf7 37. Rd7+ Kg8 38. Rd8 Kf7 39. Rxe8 Kxe8
40. Bb4 1-0

[Event "Torneo Reyes Ciudad de Manises 2014"]
[Site "Manises ESP"]
[Date "2014.01.04"]
[Round "6.5"]
[White "Pavia Miralles, Jose Manuel"]
[Black "Perez Garcia, Jose Miguel"]
[Result "1-0"]
[WhiteElo "2163"]
[BlackElo "1914"]
[PlyCount "51"]
[EventDate "2014.01.02"]
[EventRounds "7"]
[EventCountry "ESP"]
[Source "lmi"]
[SourceDate "2014.01.02"]

1. d4 g6 2. e4 Bg7 3. c4 c5 4. Nf3 cxd4 5. Nxd4 Nc6 6. Nc2 Nf6 7. Nc3 O-O 8.
Be2 d6 9. O-O Be6 10. Rb1 Nd7 11. Ne3 Bxc3 12. bxc3 Nc5 13. Qc2 Qa5 14. Nd5 f5
15. Rb5 Qd8 16. Be3 b6 17. Bxc5 dxc5 18. Rd1 fxe4 19. Nxb6 Qxd1+ 20. Bxd1 axb6
21. Qxe4 Bd7 22. Qd5+ Kh8 23. Qxd7 Rad8 24. Qg4 Rf4 25. Qe2 Re4 26. Qf1 1-0

[Event "Torneo Reyes Ciudad de Manises 2014"]
[Site "Manises ESP"]
[Date "2014.01.04"]
[Round "6.6"]
[White "Nieves Cabanes, Javier"]
[Black "Rodriguez Valencoso, Juan Carl"]
[Result "1-0"]
[WhiteElo "2068"]
[BlackElo "2159"]
[PlyCount "95"]
[EventDate "2014.01.02"]
[EventRounds "7"]
[EventCountry "ESP"]
[Source "lmi"]
[SourceDate "2014.01.02"]

1. d4 Nf6 2. Nf3 g6 3. c4 Bg7 4. Nc3 O-O 5. Bg5 d6 6. e3 c6 7. Be2 Nbd7 8. Qc2
h6 9. Bh4 g5 10. Bg3 Nh5 11. Nd2 Nxg3 12. hxg3 f5 13. Bd3 e6 14. g4 Qf6 15.
O-O-O Nb6 16. gxf5 exf5 17. g4 c5 18. dxc5 dxc5 19. gxf5 Bxf5 20. Nde4 Qe7 21.
Rdg1 Rad8 22. Nd5 Nxd5 23. cxd5 c4 24. d6 cxd3 25. dxe7 dxc2 26. exf8=Q+ Kxf8
27. Nc3 b5 28. e4 Bg6 29. f3 Rd3 30. Kxc2 Rxf3 31. Rf1 g4 32. Rxf3+ gxf3 33.
Kd3 b4 34. Nd1 Bf7 35. b3 a5 36. Rh3 Ke7 37. Rxf3 a4 38. Kc2 Bg6 39. Nf2 Bd4
40. Kd3 axb3 41. axb3 Bc3 42. Nd1 Bh5 43. Rf1 Be8 44. Nxc3 bxc3 45. Kxc3 h5 46.
Kd4 Bd7 47. Rh1 Bg4 48. Ke5 1-0

[Event "Torneo Reyes Ciudad de Manises 2014"]
[Site "Manises ESP"]
[Date "2014.01.04"]
[Round "6.7"]
[White "Pena Riasco, Alexander"]
[Black "Galvan Cipriani, Viviana"]
[Result "1-0"]
[WhiteElo "2154"]
[BlackElo "1456"]
[PlyCount "47"]
[EventDate "2014.01.02"]
[EventRounds "7"]
[EventCountry "ESP"]
[Source "lmi"]
[SourceDate "2014.01.02"]

1. e4 c5 2. Nf3 Nc6 3. d4 cxd4 4. Nxd4 e5 5. Nb5 a6 6. Nd6+ Bxd6 7. Qxd6 Qf6 8.
Qd1 Nge7 9. Nc3 Qg6 10. Be3 d5 11. Nxd5 Nxd5 12. Qxd5 O-O 13. f3 Be6 14. Qd2
Rfd8 15. Bd3 Bc4 16. O-O Bxd3 17. cxd3 Rd7 18. Rfd1 Qd6 19. Qc3 Nd4 20. Bxd4
Qxd4+ 21. Qxd4 Rxd4 22. Kf2 Kf8 23. Rac1 Rad8 24. Ke3 1-0

[Event "Torneo Reyes Ciudad de Manises 2014"]
[Site "Manises ESP"]
[Date "2014.01.04"]
[Round "6.8"]
[White "Conejero Gimenez, Jose Melchor"]
[Black "Cruz Fiallos, Hamilton Tarley"]
[Result "1-0"]
[WhiteElo "1980"]
[BlackElo "1844"]
[PlyCount "29"]
[EventDate "2014.01.02"]
[EventRounds "7"]
[EventCountry "ESP"]
[Source "lmi"]
[SourceDate "2014.01.02"]

1. e4 e6 2. d4 d5 3. Nc3 Bb4 4. Nge2 Nf6 5. Bd2 O-O 6. e5 Nfd7 7. a3 Be7 8. Ng3
c5 9. dxc5 Bxc5 10. b4 Bb6 11. f4 f6 12. exf6 Qxf6 13. Na4 Bc7 14. Bd3 Qxf4 15.
Bxf4 1-0

[Event "Torneo Reyes Ciudad de Manises 2014"]
[Site "Manises ESP"]
[Date "2014.01.04"]
[Round "6.9"]
[White "Harutyunyan, Tigran"]
[Black "Molina Ballester, Saul"]
[Result "1/2-1/2"]
[WhiteElo "1915"]
[BlackElo "1823"]
[PlyCount "58"]
[EventDate "2014.01.02"]
[EventRounds "7"]
[EventCountry "ESP"]
[Source "lmi"]
[SourceDate "2014.01.02"]

1. d4 Nf6 2. c4 e6 3. Nc3 Bb4 4. a3 Bxc3+ 5. bxc3 c5 6. f3 d5 7. cxd5 Nxd5 8.
dxc5 Qa5 9. e4 Nf6 10. Qb3 O-O 11. Qb4 Qc7 12. Be3 Nfd7 13. Nh3 Nc6 14. Qb5 a6
15. Qb2 Na5 16. Rb1 Rd8 17. Nf2 Ne5 18. Qb6 Rd7 19. Rd1 Qxb6 20. cxb6 Nec4 21.
Bxc4 Nxc4 22. Bc5 Rxd1+ 23. Nxd1 Bd7 24. Ne3 Rc8 25. Nxc4 Rxc5 26. Nd6 Rxc3 27.
Kd2 Rc6 28. Nxb7 Rxb6 29. Nc5 Rd6+ 1/2-1/2

[Event "Torneo Reyes Ciudad de Manises 2014"]
[Site "Manises ESP"]
[Date "2014.01.04"]
[Round "6.10"]
[White "Arce Martinez, Jose Miguel"]
[Black "Avila Sanchez, Miguel Angel"]
[Result "0-1"]
[WhiteElo "1790"]
[BlackElo "1860"]
[PlyCount "64"]
[EventDate "2014.01.02"]
[EventRounds "7"]
[EventCountry "ESP"]
[Source "lmi"]
[SourceDate "2014.01.02"]

1. e4 e5 2. f4 d5 3. exd5 Qxd5 4. Nc3 Qa5 5. Nf3 exf4 6. Bc4 Bg4 7. d4 Bd6 8.
O-O Nc6 9. Bb5 Qb6 10. Qe2+ Nge7 11. Na4 Bxf3 12. Qxe7+ Kxe7 13. Nxb6 axb6 14.
gxf3 Nxd4 15. Bd3 g6 16. b3 Rhe8 17. Bb2 Nc6 18. Bb5 Kf8 19. Bxc6 bxc6 20. Bd4
Be5 21. Bxe5 Rxe5 22. Kf2 Rd8 23. Rad1 Red5 24. Ke2 Kg7 25. a4 c5 26. Rxd5 Rxd5
27. Rd1 Rxd1 28. Kxd1 Kf6 29. c3 Ke5 30. b4 cxb4 31. cxb4 Kd4 32. a5 bxa5 0-1

[Event "Torneo Reyes Ciudad de Manises 2014"]
[Site "Manises ESP"]
[Date "2014.01.04"]
[Round "6.11"]
[White "Esteban Hernandez, Eusebio"]
[Black "Bueno Dominguez, Ricardo"]
[Result "0-1"]
[WhiteElo "1847"]
[BlackElo "1740"]
[PlyCount "54"]
[EventDate "2014.01.02"]
[EventRounds "7"]
[EventCountry "ESP"]
[Source "lmi"]
[SourceDate "2014.01.02"]

1. e4 c5 2. Nf3 Nc6 3. g3 d6 4. Bg2 Bg4 5. d3 e6 6. Be3 Nf6 7. Nbd2 Be7 8. h3
Bh5 9. c3 d5 10. Qa4 O-O 11. e5 Nd7 12. d4 f6 13. exf6 Bxf6 14. dxc5 e5 15. g4
Bg6 16. Qb3 Bf7 17. Qxb7 Na5 18. Qa6 d4 19. cxd4 exd4 20. Nxd4 Nxc5 21. Qe2
Bxd4 22. Bxa8 Bxe3 23. fxe3 Nd3+ 24. Kf1 Qxa8 25. Kg1 Ne5 26. Rh2 Nac4 27. b3
Nxd2 0-1

[Event "Torneo Reyes Ciudad de Manises 2014"]
[Site "Manises ESP"]
[Date "2014.01.04"]
[Round "6.12"]
[White "Aupi Royo, Juan Ignacio"]
[Black "Grau Navarro, Salvador"]
[Result "0-1"]
[WhiteElo "1796"]
[BlackElo "1799"]
[PlyCount "88"]
[EventDate "2014.01.02"]
[EventRounds "7"]
[EventCountry "ESP"]
[Source "lmi"]
[SourceDate "2014.01.02"]

1. d4 Nf6 2. Nf3 d6 3. g3 g6 4. Bg2 Bg7 5. c4 c6 6. Nc3 Bg4 7. h3 Bxf3 8. Bxf3
Nbd7 9. O-O e5 10. e3 Qe7 11. Bg2 e4 12. Qc2 d5 13. Qb3 dxc4 14. Qxb7 O-O 15.
Qxc6 Rac8 16. Qa4 Nb6 17. Qc2 Rfe8 18. a4 Nbd5 19. Nxd5 Nxd5 20. Bd2 Bh6 21.
Kh2 f5 22. Rae1 Rc6 23. Re2 Qe6 24. f4 Rb8 25. Rb1 Rb3 26. Bc3 Bf8 27. Ree1 Bb4
28. Bf1 Bxc3 29. Bxc4 Bxe1 30. Qxb3 Rxc4 31. Qxc4 Bd2 32. b4 Kf7 33. Rb3 Nxe3
34. Qc7+ Qe7 35. Qxe7+ Kxe7 36. b5 Nc4 37. Kg1 Be3+ 38. Rxe3 Nxe3 39. Kf2 Nc2
40. a5 Kd6 41. d5 e3+ 42. Ke2 Nd4+ 43. Kxe3 Nxb5 44. g4 Kxd5 0-1

[Event "Torneo Reyes Ciudad de Manises 2014"]
[Site "Manises ESP"]
[Date "2014.01.04"]
[Round "6.13"]
[White "Gil Lopez, Alejandro"]
[Black "Vila Tormo, Eduardo"]
[Result "1/2-1/2"]
[WhiteElo "1285"]
[BlackElo "1718"]
[PlyCount "67"]
[EventDate "2014.01.02"]
[EventRounds "7"]
[EventCountry "ESP"]
[Source "lmi"]
[SourceDate "2014.01.02"]

1. e4 c5 2. Nf3 Nc6 3. Bc4 d6 4. Nc3 e6 5. d3 Be7 6. Be3 Nf6 7. Bg5 O-O 8. O-O
Na5 9. Bb3 Bd7 10. a3 Nxb3 11. cxb3 b5 12. e5 dxe5 13. Nxe5 a5 14. Qc2 b4 15.
Ne4 Nxe4 16. Bxe7 Qxe7 17. Nxd7 Qxd7 18. dxe4 Qc6 19. Rfc1 bxa3 20. bxa3 Rfc8
21. b4 c4 22. Rab1 a4 23. f3 Qb6+ 24. Qf2 Qb5 25. Rc3 Rd8 26. Rbc1 Rac8 27. Qe2
Rd4 28. Qe3 Rcd8 29. h3 h6 30. Qe2 Rc8 31. Qe3 e5 32. Qe2 Kh7 33. Kh2 Qc6 34.
g4 1/2-1/2

[Event "Torneo Reyes Ciudad de Manises 2014"]
[Site "Manises ESP"]
[Date "2014.01.04"]
[Round "6.16"]
[White "Hernandez Torralba, Sergio"]
[Black "Carbonell Sancho, Marc"]
[Result "1-0"]
[WhiteElo "1771"]
[BlackElo "1410"]
[PlyCount "79"]
[EventDate "2014.01.02"]
[EventRounds "7"]
[EventCountry "ESP"]
[Source "lmi"]
[SourceDate "2014.01.02"]

1. e4 c5 2. Nf3 d6 3. d4 cxd4 4. Nxd4 Nf6 5. Nc3 g6 6. Be3 Bg7 7. f3 O-O 8. Qd2
Nc6 9. Bc4 Bd7 10. h4 a6 11. h5 b5 12. Bb3 Re8 13. hxg6 hxg6 14. O-O-O b4 15.
Nd5 Nxd5 16. Nxc6 Bxc6 17. exd5 Bd7 18. Bd4 f6 19. g4 a5 20. Bc4 Kf7 21. g5 Rh8
22. gxf6 Rxh1 23. Rxh1 exf6 24. Bd3 Qg8 25. Qf4 Qf8 26. Rh7 Qe7 27. Qg3 g5 28.
f4 g4 29. f5 Rg8 30. Qxg4 Kf8 31. Qe4 Qd8 32. Rh1 Bc8 33. Be3 Kf7 34. Bb5 Qc7
35. Qf3 Ke7 36. Bh6 Bh8 37. Re1+ Kd8 38. Qe4 Qf7 39. Be3 Qb7 40. Bb6+ 1-0

[Event "Torneo Reyes Ciudad de Manises 2014"]
[Site "Manises ESP"]
[Date "2014.01.04"]
[Round "6.17"]
[White "Barrachina Blanco, Francisco"]
[Black "Penalba Navarro, Hector"]
[Result "1-0"]
[WhiteElo "1679"]
[BlackElo "1309"]
[PlyCount "43"]
[EventDate "2014.01.02"]
[EventRounds "7"]
[EventCountry "ESP"]
[Source "lmi"]
[SourceDate "2014.01.02"]

1. e4 e5 2. Nf3 Nc6 3. Bb5 Nf6 4. O-O g6 5. c3 a6 6. Ba4 b5 7. Bb3 Bg7 8. d3 d6
9. h3 O-O 10. Bg5 Qe8 11. Nh2 Be6 12. f4 Rd8 13. Qe2 h6 14. Bh4 Bxb3 15. axb3
Ra8 16. Nd2 b4 17. Kh1 exf4 18. Bxf6 Bxf6 19. Rxf4 Bg5 20. Rf2 Bxd2 21. Qxd2
Na5 22. Rxa5 1-0

[Event "Torneo Reyes Ciudad de Manises 2014"]
[Site "Manises ESP"]
[Date "2014.01.04"]
[Round "6.18"]
[White "Bono Monreal, Alberto"]
[Black "Lopez Palomar, Jose"]
[Result "0-1"]
[WhiteElo "1493"]
[BlackElo "1635"]
[PlyCount "88"]
[EventDate "2014.01.02"]
[EventRounds "7"]
[EventCountry "ESP"]
[Source "lmi"]
[SourceDate "2014.01.02"]

1. e4 d6 2. d4 Nf6 3. Nc3 g6 4. Be3 Bg7 5. Nf3 O-O 6. h3 a6 7. Bd3 b5 8. O-O
Bb7 9. Qd2 b4 10. Ne2 Bxe4 11. Bxe4 Nxe4 12. Qxb4 Nd7 13. Rab1 a5 14. Qe1 c5
15. c3 a4 16. Nd2 Nxd2 17. Qxd2 c4 18. Ng3 d5 19. Rfe1 e6 20. Bf4 Ra5 21. Bd6
Re8 22. Qf4 Qf6 23. Qg4 Bf8 24. Nh5 Qd8 25. Bf4 Nf6 26. Nxf6+ Qxf6 27. Bg5 Qg7
28. Qf4 f5 29. Qd2 Ra6 30. Re2 Be7 31. Bxe7 Qxe7 32. Re5 Qb7 33. Qc2 Rb8 34.
Qe2 Kf7 35. Qc2 a3 36. Re2 Rb6 37. Qa4 Rxb2 38. Rbe1 Ra8 39. Rxb2 axb2 40. Qc2
Rxa2 41. Qe2 Qb6 42. Rb1 Ra1 43. Qc2 Rxb1+ 44. Qxb1 Qb3 0-1

[Event "Torneo Reyes Ciudad de Manises 2014"]
[Site "Manises ESP"]
[Date "2014.01.04"]
[Round "6.20"]
[White "Aimimir Gimenez, Jose"]
[Black "Osuna Franco, Claudio"]
[Result "1-0"]
[WhiteElo "1618"]
[BlackElo "1366"]
[PlyCount "41"]
[EventDate "2014.01.02"]
[EventRounds "7"]
[EventCountry "ESP"]
[Source "lmi"]
[SourceDate "2014.01.02"]

1. d4 c6 2. c4 d5 3. cxd5 cxd5 4. Nc3 Nf6 5. Bf4 e6 6. e3 Bd6 7. Bxd6 Qxd6 8.
Bd3 Bd7 9. Nf3 O-O 10. O-O a6 11. Re1 Nc6 12. e4 e5 13. exd5 Nxd4 14. Nxe5 Nxd5
15. Nxd7 Qxd7 16. Bxh7+ Kxh7 17. Qxd4 Rad8 18. Qh4+ Kg8 19. Red1 Qf5 20. Rd2
Rfe8 21. Rad1 1-0

[Event "Torneo Reyes Ciudad de Manises 2014"]
[Site "Manises ESP"]
[Date "2014.01.04"]
[Round "7.1"]
[White "Gimenez Menchon, Cesar"]
[Black "Pavia Miralles, Jose Manuel"]
[Result "1-0"]
[WhiteElo "2032"]
[BlackElo "2163"]
[PlyCount "115"]
[EventDate "2014.01.02"]
[EventRounds "7"]
[EventCountry "ESP"]
[Source "lmi"]
[SourceDate "2014.01.02"]

1. e4 c5 2. Nf3 d6 3. Bb5+ Bd7 4. Bxd7+ Qxd7 5. O-O Nc6 6. c3 Nf6 7. d4 g6 8.
Qe2 Bg7 9. dxc5 dxc5 10. e5 Ng4 11. e6 Qxe6 12. Qxe6 fxe6 13. Ng5 e5 14. Ne6
Kf7 15. Nxc5 b6 16. Ne4 h6 17. b3 Rhd8 18. Bb2 Nf6 19. f3 Nd5 20. Na3 Nf4 21.
Rfd1 Nd3 22. Rd2 Rd7 23. Rad1 Rad8 24. Ba1 Ke6 25. Nc4 Bf6 26. Nb2 Nxb2 27.
Bxb2 Rxd2 28. Rxd2 Rxd2 29. Nxd2 Bg5 30. Ne4 Be3+ 31. Kf1 Bf4 32. g3 Be3 33.
Ke2 Bg1 34. Bc1 g5 35. Kf1 Bc5 36. Nxc5+ bxc5 37. Ke2 Kd5 38. Kd3 e6 39. Be3 a6
40. g4 Ne7 41. Bf2 Ng6 42. c4+ Kd6 43. Ke4 Nf4 44. h4 Ne2 45. hxg5 hxg5 46. Be3
Nc3+ 47. Kd3 Nxa2 48. Bxg5 Nb4+ 49. Ke4 Nc6 50. Bh6 Nd4 51. Bf8+ Kd7 52. Bxc5
Nxb3 53. Be3 a5 54. Kd3 a4 55. Kc3 Nd4 56. Bxd4 exd4+ 57. Kxd4 e5+ 58. Kc3 1-0

[Event "Torneo Reyes Ciudad de Manises 2014"]
[Site "Manises ESP"]
[Date "2014.01.04"]
[Round "7.3"]
[White "Nieves Cabanes, Javier"]
[Black "Ballester Sanz, Joaquin"]
[Result "1/2-1/2"]
[WhiteElo "2068"]
[BlackElo "2170"]
[PlyCount "22"]
[EventDate "2014.01.02"]
[EventRounds "7"]
[EventCountry "ESP"]
[Source "lmi"]
[SourceDate "2014.01.02"]

1. d4 d5 2. c4 c6 3. Nf3 Nf6 4. Qc2 g6 5. Bf4 Bf5 6. Qb3 Qb6 7. e3 Bg7 8. Nc3
dxc4 9. Bxc4 O-O 10. h3 Qxb3 11. Bxb3 h5 1/2-1/2

[Event "Torneo Reyes Ciudad de Manises 2014"]
[Site "Manises ESP"]
[Date "2014.01.04"]
[Round "7.4"]
[White "Uran Bermudez, Oliver Kevin"]
[Black "Pena Riasco, Alexander"]
[Result "0-1"]
[WhiteElo "2103"]
[BlackElo "2154"]
[PlyCount "82"]
[EventDate "2014.01.02"]
[EventRounds "7"]
[EventCountry "ESP"]
[Source "lmi"]
[SourceDate "2014.01.02"]

1. e4 d5 2. Nc3 d4 3. Nce2 e5 4. d3 Bd6 5. g3 f5 6. exf5 Bxf5 7. Bg2 Nc6 8. Nf3
Nf6 9. O-O O-O 10. h3 Qd7 11. g4 Nxg4 12. hxg4 Bxg4 13. Nh2 Bh3 14. Ng3 Bxg2
15. Kxg2 Rf6 16. Qg4 Qf7 17. Bd2 Rf8 18. Be1 Nd8 19. Qe2 Ne6 20. Bd2 Nf4+ 21.
Bxf4 exf4 22. Ne4 f3+ 23. Nxf3 Rxf3 24. Rg1 Qf4 25. Kf1 Be7 26. Rg2 Bh4 27. Kg1
Kh8 28. Rf1 b6 29. Nd2 Rh3 30. Qe6 Qf5 31. Qc6 Bg5 32. Qxc7 g6 33. Ne4 Bf4 34.
Qe7 Kg8 35. Ng5 Bxg5 36. Rxg5 Qf3 37. Qe6+ Rf7 38. Qe8+ Kg7 39. Qe5+ Kh6 40.
Rg2 Rf5 41. Qe8 Rg5 0-1

[Event "Torneo Reyes Ciudad de Manises 2014"]
[Site "Manises ESP"]
[Date "2014.01.04"]
[Round "7.5"]
[White "Avila Sanchez, Miguel Angel"]
[Black "Capella Gimenez, Jose M"]
[Result "1/2-1/2"]
[WhiteElo "1860"]
[BlackElo "2099"]
[PlyCount "47"]
[EventDate "2014.01.02"]
[EventRounds "7"]
[EventCountry "ESP"]
[Source "lmi"]
[SourceDate "2014.01.02"]

1. e4 e5 2. Nf3 Nc6 3. d4 exd4 4. Bc4 Nf6 5. O-O Nxe4 6. Re1 d5 7. Bxd5 Qxd5 8.
Nc3 Qa5 9. Nxe4 Be6 10. Neg5 O-O-O 11. Nxe6 fxe6 12. Rxe6 Bd6 13. Qe2 Qh5 14.
h3 h6 15. Nxd4 Qxe2 16. Nxe2 Be5 17. f4 Rd1+ 18. Kf2 Rf8 19. Ke3 Nd4 20. Nxd4
Bxf4+ 21. Ke2 Rxc1 22. Rxc1 Bxc1 23. b3 Bb2 24. Nf3 1/2-1/2

[Event "Torneo Reyes Ciudad de Manises 2014"]
[Site "Manises ESP"]
[Date "2014.01.04"]
[Round "7.6"]
[White "Bueno Dominguez, Ricardo"]
[Black "Conejero Gimenez, Jose Melchor"]
[Result "0-1"]
[WhiteElo "1740"]
[BlackElo "1980"]
[PlyCount "100"]
[EventDate "2014.01.02"]
[EventRounds "7"]
[EventCountry "ESP"]
[Source "lmi"]
[SourceDate "2014.01.02"]

1. c4 e6 2. Nc3 f5 3. Nf3 Nf6 4. d3 d5 5. cxd5 exd5 6. g3 c6 7. Bg2 Bd6 8. O-O
O-O 9. a3 Nbd7 10. e4 dxe4 11. dxe4 Ne5 12. Nxe5 Bxe5 13. Qb3+ Kh8 14. exf5
Bxc3 15. Qxc3 Bxf5 16. Qb3 Qc8 17. Bf4 Bh3 18. Rfe1 Bxg2 19. Kxg2 Nd5 20. Be5
Rf5 21. f4 Rh5 22. h4 Qd7 23. Qf3 Rf5 24. Re2 Raf8 25. Rae1 h5 26. Re4 Kh7 27.
Bd4 g6 28. Be5 R8f7 29. Bd4 b6 30. Be5 Re7 31. Bd4 Rff7 32. Re5 Rxe5 33. Bxe5
Re7 34. Re2 Qf5 35. Qe4 Qxe4+ 36. Rxe4 Kg8 37. Kf3 Kf7 38. Bb8 Rd7 39. Be5 Nf6
40. Re2 Ng4 41. Bc3 Rd3+ 42. Kg2 Ne3+ 43. Kh2 Nf5 44. Rg2 Ne3 45. Kh3 Nxg2 46.
Kxg2 Ke6 47. Kf2 Kf5 48. Kg2 Kg4 49. Be1 Rd1 50. Kf2 Rxe1 0-1

[Event "Torneo Reyes Ciudad de Manises 2014"]
[Site "Manises ESP"]
[Date "2014.01.04"]
[Round "7.7"]
[White "Molina Ballester, Saul"]
[Black "Rodriguez Valencoso, Juan Carl"]
[Result "0-1"]
[WhiteElo "1823"]
[BlackElo "2159"]
[PlyCount "108"]
[EventDate "2014.01.02"]
[EventRounds "7"]
[EventCountry "ESP"]
[Source "lmi"]
[SourceDate "2014.01.02"]

1. e4 e6 2. d3 c5 3. Nf3 Nc6 4. g3 g6 5. Bg2 Bg7 6. Nc3 Nge7 7. Be3 d6 8. Qd2
Nd4 9. Nh4 f5 10. Nd1 e5 11. c3 Ne6 12. O-O O-O 13. exf5 gxf5 14. f4 Ng6 15.
Nxg6 hxg6 16. Bd5 Qe7 17. fxe5 Bxe5 18. Re1 Kh7 19. Bf4 Qg7 20. Bxe5 dxe5 21.
Qe3 f4 22. Qxe5 fxg3 23. Qxg3 Qf6 24. Qe5 Nf4 25. Qxf6 Rxf6 26. Re7+ Kh6 27.
Be4 Ne2+ 28. Kg2 Nf4+ 29. Kg1 Bh3 30. Ne3 Raf8 31. Bxb7 g5 32. Be4 g4 33. Rh7+
Kg5 34. Rg7+ Kh6 35. Rh7+ Kg5 36. Rg7+ Kh4 37. Rh7+ Nh5 38. Bg2 Re6 39. Re1 Kg5
40. Bxh3 gxh3 41. Nc2 Ref6 42. Ne3 Kg6 43. Rxa7 Nf4 44. d4 cxd4 45. cxd4 Kh5
46. Ra5+ Kh4 47. d5 Rg8+ 48. Kh1 Nd3 49. Ra4+ Kh5 50. Ng4 Rxg4 51. Rxg4 Kxg4
52. Rg1+ Kh4 53. Rb1 Rg6 54. Rf1 Rg2 0-1

[Event "Torneo Reyes Ciudad de Manises 2014"]
[Site "Manises ESP"]
[Date "2014.01.04"]
[Round "7.9"]
[White "Cebrian Flores, Juan Antonio"]
[Black "Hernandez Torralba, Jose Joaqu"]
[Result "1-0"]
[WhiteElo "1992"]
[BlackElo "1634"]
[PlyCount "41"]
[EventDate "2014.01.02"]
[EventRounds "7"]
[EventCountry "ESP"]
[Source "lmi"]
[SourceDate "2014.01.02"]

1. e4 c5 2. b4 d6 3. Nf3 Nf6 4. d3 Nc6 5. bxc5 dxc5 6. Be2 g6 7. Bb2 Bg7 8. O-O
O-O 9. c3 c4 10. Na3 cxd3 11. Bxd3 Bg4 12. Bc2 Ne5 13. Qxd8 Rfxd8 14. Nxe5 Nxe4
15. Nxg4 Nxc3 16. Bxc3 Bxc3 17. Rad1 Rdc8 18. Bb3 e6 19. Nc4 Rc7 20. Rd3 Bg7
21. Rfd1 1-0